[Event "Mittelfranken-ch HT 55th"]
[Site "Postbauer"]
[Date "2006.04.14"]
[Round "8.8"]
[White "Habermann, Manfred"]
[Black "Werner, Thomas1111"]
[Result "1/2-1/2"]
[WhiteElo "1903"]
[BlackElo "1911"]
[PlyCount "64"]
[EventDate "2006.04.11"]
[EventType "swiss"]
[EventRounds "9"]
[EventCountry "GER"]
[SourceTitle "EXT 2011"]
[Source "ChessBase"]
[SourceDate "2010.11.26"]
[SourceVersion "1"]
[SourceVersionDate "2010.11.26"]
[SourceQuality "1"]

1. d4 d5 2. Nf3 c6 3. c4 Nf6 4. Nc3 e6 5. e3 Nbd7 6. Bd3 dxc4 7. Bxc4 b5 8. Bd3 a6 9. Bd2 c5 10. Ne4 c4 11. Nxf6+ Nxf6 12. Bc2 Bb7 13. b3 cxb3 14. Bxb3 Bd6 15. 0-0 0-0 16. Ne5 Ne4 17. Be1 Rc8 18. Qh5 Qe7 19. f3 Nc3 20. Bh4 f6 21. Kh1 Qe8 22. Qxe8 Rfxe8 23. Nd3 Kf7 24. Rac1 Ba3 25. Ra1 Rc7 26. Bg3 Rcc8 27. e4 a5 28. Bf2 a4 29. Bd1 Nxd1 30. Rfxd1 Rc2 31. Kg1 Rec8 32. Nc5 Bxc5 1/2-1/2

[Event "Mittelfranken-ch HT 55th"]
[Site "Postbauer"]
[Date "2006.04.12"]
[Round "4.7"]
[White "Maettig, Stefan"]
[Black "Habermann, Manfred"]
[Result "1-0"]
[WhiteElo "2007"]
[BlackElo "1903"]
[PlyCount "133"]
[EventDate "2006.04.11"]
[EventType "swiss"]
[EventRounds "9"]
[EventCountry "GER"]
[SourceTitle "EXT 2011"]
[Source "ChessBase"]
[SourceDate "2010.11.26"]
[SourceVersion "1"]
[SourceVersionDate "2010.11.26"]
[SourceQuality "1"]

1. e4 e6 2. d3 d5 3. Nd2 g6 4. g3 Bg7 5. Bg2 Ne7 6. Ngf3 0-0 7. 0-0 c6 8. Re1 Nd7 9. h4 Qc7 10. Nf1 b6 11. N1h2 Kh8 12. h5 h6 13. hxg6 fxg6 14. exd5 Nxd5 15. Rxe6 N7f6 16. Re1 Ng4 17. c4 Nxh2 18. Nxh2 Nf6 19. Bf4 Qd7 20. Be5 Bb7 21. d4 Rad8 22. Qc2 Qf7 23. Re2 Nh5 24. Ng4 Nf6 25. Nxf6 Bxf6 26. Rae1 Ba6 27. b3 Bxe5 28. Rxe5 Rxd4 29. Re7 Qf6 30. R1e6 Qg5 31. Qxg6 Rd1+ 32. Kh2 Qxg6 33. Rxg6 Rxf2 34. Rxh6+ Kg8 35. Rg6+ Kf8 36. Rxa7 Bxc4 37. Kh3 Rdd2 38. Rxc6 Bf7 39. Rc8+ Kg7 40. Rcc7 Rf6 41. Bc6 Rh6+ 42. Kg4 Rg6+ 43. Kf3 Rf6+ 44. Ke3 Rd8 45. Be4 Rd1 46. Rc2 Re1+ 47. Re2 Rg1 48. g4 Rxg4 49. Rg2 Rxg2 50. Bxg2 Rd6 51. Be4 Kf6 52. Bd3 Bd5 53. Rc7 Rc6 54. Rh7 Ke5 55. Rh5+ Kd6 56. Rxd5+ Kxd5 57. Be4+ Kc5 58. b4+ Kd6 59. Bxc6 Kxc6 60. a4 Kd7 61. Ke4 Kd6 62. Kd4 Kc6 63. Ke5 Kd7 64. Kd5 Kc7 65. Ke6 b5 66. a5 Kc6 67. Ke5 1-0

[Event "Mittelfrankenliga-B1 0506"]
[Site "Germany"]
[Date "2006.03.19"]
[Round "7.8"]
[White "Habermann, Manfred"]
[Black "Borel, Bernd"]
[Result "0-1"]
[WhiteElo "1890"]
[BlackElo "1747"]
[PlyCount "128"]
[EventDate "2005.10.16"]
[EventType "team"]
[EventRounds "9"]
[EventCountry "GER"]
[SourceTitle "EXT 2007"]
[Source "ChessBase"]
[SourceDate "2006.11.23"]
[SourceVersion "1"]
[SourceVersionDate "2006.11.23"]
[SourceQuality "1"]

1. d4 Nf6 2. g3 d5 3. Bg2 e6 4. Nf3 c5 5. 0-0 Nc6 6. c3 Bd7 7. b3 Rc8 8. Ba3 b6 9. Nbd2 Be7 10. Re1 0-0 11. e4 cxd4 12. Bxe7 Qxe7 13. exd5 dxc3 14. Nc4 Nxd5 15. Nd4 Qf6 16. Nb5 Nce7 17. Nbd6 Rc7 18. a4 Bc6 19. Re5 Nb4 20. Bxc6 Rxc6 21. Ne4 Qg6 22. Nxc3 Qd3 23. Re3 Qxd1+ 24. Rxd1 Ned5 25. Nxd5 Nxd5 26. Red3 Rfc8 27. Ne3 Nf6 28. Rd8+ Ne8 29. Nc4 Kf8 30. R8d7 R6c7 31. R7d4 Ke7 32. f4 g6 33. g4 Rc5 34. Rd7+ Kf8 35. Rxa7 b5 36. Ne5 R5c7 37. Rxc7 Rxc7 38. axb5 Nf6 39. g5 Nd5 40. Rd4 Rb7 41. b6 Ke7 42. Ra4 Nxb6 43. Rb4 Kd6 44. Rb5 Kc7 45. Nxf7 Kc6 46. Nd8+ Kxb5 47. Nxb7 Nd5 48. Kf2 Nxf4 49. Kf3 e5 50. h4 Kb4 51. Nd6 Kxb3 52. Ne4 Kc4 53. Nf6 Kd3 54. Ng4 Kd4 55. Nf2 Nd3 56. Nh3 e4+ 57. Ke2 e3 58. Kf3 Ne1+ 59. Ke2 Nc2 60. h5 gxh5 61. Kf3 Ne1+ 62. Ke2 Nd3 63. Ng1 Ke4 64. Kf1 h4 0-1